Normal view
MARC view
- Butler, Jimmy.
Entry Personal Name
001 - CONTROL NUMBER
- control field: 61325
003 - CONTROL NUMBER IDENTIFIER
- control field: OSt
005 - DATE AND TIME OF LATEST TRANSACTION
- control field: 20240920174335.0
008 - FIXED-LENGTH DATA ELEMENTS
- fixed length control field: 240920|| aca||aabn | a|a d
040 ## - CATALOGING SOURCE
- Original cataloging agency: OSt
- Transcribing agency: OSt
100 ## - HEADING--PERSONAL NAME
- Personal name: Butler, Jimmy.
- Relator term: author.
670 ## - SOURCE DATA FOUND
- Source citation: Work cat.: (OSt): Eckert, Jonathan. author. 61324, Teaching and leading for exemplary stem learning :, February 2021.
